広島県の戦前市制・町制 - Statistics

General Stats
  • This quiz has been taken 103 times
  • The average score is 41 of 76
Answer Stats
施行日 施行内容 所属郡 回答 % Correct
1889.04.01 市制 (市) 広島市
100%
1898.04.01 市制 (市) 尾道市
100%
1916.07.01 市制 (市) 福山市
100%
1936.11.15 市制 (市) 三原市
100%
1889.04.01 町制 三次郡 三次町
94%
1902.10.01 市制 (市) 呉市
94%
1889.04.01 町制 佐伯郡 廿日市町
91%
1889.04.01 町制 御調郡 尾道町
91%
1889.04.01 町制 御調郡 三原町
91%
1889.04.01 町制 深津郡 福山町
91%
1889.04.16 町制 賀茂郡 竹原町
91%
1898.10.01 町制 比婆郡 庄原町
91%
1896.06.03 町制 芦田郡 府中町
88%
1937.01.01 町制 安芸郡 府中町
88%
1890.10.01 町制 賀茂郡 西条町
85%
1898.07.09 町制 奴可郡 西城町
85%
1900.03.03 町制 沼隈郡 松永町
85%
1898.02.10 町制 奴可郡 東城町
82%
1911.01.01 町制 佐伯郡 大竹町
82%
1911.10.01 町制 佐伯郡 五日市町
82%
1898.02.10 町制 山県郡 加計町
79%
1889.04.01 町制 高宮郡 可部町
76%
1897.06.05 町制 甲奴郡 上下町
76%
1918.10.01 町制 安芸郡 熊野町
76%
1889.04.01 町制 安芸郡 海田市町
73%
1896.05.21 町制 高田郡 吉田町
73%
1917.08.01 町制 神石郡 油木町
73%
1895.12.07 町制 賀茂郡 内海町
70%
1906.01.01 町制 安芸郡 音戸町
64%
1889.04.01 町制 沼隈郡 鞆町
61%
1933.08.01 町制 山県郡 戸河内町
61%
1927.08.01 町制 佐伯郡 大柿町
58%
1929.03.01 町制 深安郡 神辺町
58%
1889.04.01 町制 豊田郡 忠海町
55%
1920.01.01 町制 豊田郡 木ノ江町
55%
1889.04.01 町制 佐伯郡 厳島町
52%
1898.02.10 町制 世羅郡 甲山町
52%
1889.04.01 町制 豊田郡 瀬戸田町
48%
1907.04.01 町制 芦品郡 新市町
45%
1921.06.01 町制 双三郡 三良坂町
45%
1924.04.01 町制 豊田郡 本郷町
45%
1926.01.01 町制 山県郡 大朝町
45%
1933.04.01 町制 比婆郡 比和町
45%
1889.04.01 町制 豊田郡 御手洗町
42%
1918.01.01 町制 御調郡 土生町
42%
1920.10.01 町制 双三郡 吉舎町
42%
1922.01.01 町制 賀茂郡 川尻町
42%
1924.04.01 町制 豊田郡 河内町
42%
1907.01.01 町制 安佐郡 三篠町
39%
1892.08.02 町制 安芸郡 和庄町
36%
1909.02.11 町制 佐伯郡 草津町
36%
1917.10.01 町制 安芸郡 矢野町
36%
1938.01.01 町制 安佐郡 祇園町
36%
1929.01.01 町制 佐伯郡 津田町
33%
1937.04.01 町制 高田郡 向原町
33%
1906.06.01 町制 安芸郡 警固屋町
30%
1926.01.01 町制 高田郡 甲立町
30%
1928.11.01 町制 安芸郡 船越町
30%
1902.04.01 町制 安芸郡 二川町
27%
1922.01.01 町制 山県郡 八重町
27%
1943.10.01 町制 安佐郡 古市町
27%
1897.06.05 町制 芦田郡 出口町
24%
1912.02.11 町制 御調郡 糸崎町
24%
1893.01.26 町制 賀茂郡 三津町
21%
1904.05.01 町制 山県郡 壬生町
21%
1926.11.01 町制 沼隈郡 今津町
21%
1898.05.03 町制 賀茂郡 阿賀町
18%
1917.05.01 町制 双三郡 十日市町
18%
1921.06.01 町制 御調郡 三庄町
18%
1923.03.01 町制 御調郡 栗原町
18%
1907.01.01 町制 賀茂郡 仁方町
15%
1911.10.01 町制 佐伯郡 己斐町
15%
1922.01.01 町制 賀茂郡 三津口町
15%
1929.01.01 町制 豊田郡 幸崎町
15%
1924.06.01 町制 佐伯郡 玖波町
12%
1916.02.11 町制 安芸郡 吉浦町
9%
No matching quizzes found
Score Distribution
Percent of People with Each Score
Percentile by Number Answered
Your Score History
You have not taken this quiz